[Event "IND-ch U17 34th"]
[Site "Chandigarh"]
[Date "2024.07.15"]
[Round "1"]
[White "Aabhas, Kumar Srivastava"]
[Black "Sriram, Adarsh Uppala"]
[Result "0-1"]
[WhiteElo "1642"]
[BlackElo "2114"]
[PlyCount "194"]
[EventDate "2024.07.15"]
[EventType "swiss"]
[EventRounds "11"]
[EventCountry "IND"]
[SourceTitle "CBM 221 Extra"]
[Source "ChessBase"]
[SourceDate "2024.09.30"]
[SourceVersion "1"]
[SourceVersionDate "2024.09.30"]
[SourceQuality "1"]

1. e4 c5 2. Nf3 e6 3. d4 cxd4 4. Nxd4 Nc6 5. Nc3 a6 6. Nxc6 bxc6 7. Bd3 d5 8. 0-0 Nf6 9. Re1 Be7 10. Qf3 h6 11. Qg3 Kf8 12. e5 Nd7 13. Bf1 Rb8 14. Ne2 Bh4 15. Qe3 Qb6 16. Nd4 c5 17. Nf3 Be7 18. c4 Bb7 19. Bd3 dxc4 20. Bc2 Qc6 21. Qf4 Nb6 22. a4 a5 23. h4 Kg8 24. Bd2 Bd8 25. Qg3 Nd5 26. Re4 h5 27. Ng5 Qe8 28. Rxc4 Ba6 29. Rxc5 Rxb2 30. Ne4 Bb7 31. Bxa5 Be7 32. Nd6 Qb8 33. Rb5 Rxc2 34. Rxb7 Qa8 35. Rab1 Qxa5 36. Rb8+ Bd8 37. Nb7 Qd2 38. Rxd8+ Kh7 39. Rxh8+ Kxh8 40. Nd6 Rc7 41. Rb8+ Kh7 42. Ne8 Rc1+ 43. Kh2 Qf4 44. Qxf4 Nxf4 45. Nd6 Kg6 46. a5 Ra1 47. Nb7 Nd3 48. Kg3 Nxe5 49. Rc8 Ra3+ 50. f3 Ra2 51. Rc5 f6 52. Nd8 Nd3 53. Rc7 e5 54. Ne6 Rxa5 55. Rxg7+ Kf5 56. Nf8 Nf4 57. Kh2 Ra2 58. Kg1 Ne2+ 59. Kf2 Nd4+ 60. Ke3 Ra3+ 61. Kf2 Ra8 62. Nh7 Ra2+ 63. Ke3 Re2+ 64. Kd3 Re1 65. g4+ hxg4 66. fxg4+ Kf4 67. Nxf6 Rd1+ 68. Kc3 Nf3 69. h5 e4 70. Nxe4 Kxe4 71. h6 Kf4 72. h7 Rh1 73. Kc4 Ng5 74. Kd5 Nxh7 75. Ke6 Ng5+ 76. Kf6 Ra1 77. Rb7 Ra6+ 78. Ke7 Kxg4 79. Rb1 Kf4 80. Rb5 Nf3 81. Kd7 Ne5+ 82. Kc7 Kf5 83. Rb1 Rc6+ 84. Kb7 Rc2 85. Rd1 Ke6 86. Kb6 Ke7 87. Re1 Kd6 88. Rd1+ Ke6 89. Kb5 Nc6 90. Kb6 Ne7 91. Rd3 Nd5+ 92. Kb5 Kd6 93. Rd4 Rc1 94. Rd2 Rc8 95. Rd1 Rc2 96. Rd3 Rb2+ 97. Kc4 Rb4# 0-1